Open Data Biblioteca Nacional de Portugal


República Portuguesa: Ministério da Cultura
Biblioteca Nacional de Portugal

Catálogo da BNP: acesso por Identificadores Unívocos
Registos Bibliográficos associados ao registo de autoridade

Etiqueta de registo: 00254nam 2200025 450
001 2281608
003 http://id.bnportugal.gov.pt/bib/catbnp/2281608
010 ## $a978-989-33-8387-2
021 ## $aPT$b553968/25
100 ## $a20260318d2025 m y0pory01030103ba
101 0# $apor
102 ## $aPT
105 ## $ay z 000yy
106 ## $ar
200 1# $a A arte de cuidar - Referencial Humanitude$fJoão Pärtel Araújo, Amélia Martins, Liliana Henriques$gcoord. científica João Pärtel Araújo
210 #9 $aAlcobaça$cVia Hominis$cHumanitude Portugal,$dD.L. 2025
215 ## $a263 p.$d23 cm
700 #1 $aPärtel Araújo,$bJoão $31992385
701 #1 $aMartins,$bAmélia,$f1974-$4070$31488225
701 #1 $aHenriques,$bLiliana$4070$31889002
801 #0 $aPT$bBN$gRPC
966 ## $lBN$mFGMON$x1
966 ## $lBN$mFGMON$x1
971 ## $cssilva$d20260318

Etiqueta de registo: 00254nam 2200025 450
001 2283365
003 http://id.bnportugal.gov.pt/bib/catbnp/2283365
010 ## $a978-989-33-8387-2
021 ## $aPT$b559469/26
100 ## $a20260332d2026 m y0pory01030103ba
101 0# $apor
102 ## $aPT
105 ## $ay z 000yy
106 ## $ar
200 1# $a A arte de cuidar - Referencial Humanitude$fJoão Pärtel Araújo, Amélia Martins, Liliana Henriques$gcoord. científica João Pärtel Araújo
205 ## $a2ª ed
210 #9 $aAlcobaça$cVia Hominis$cHumanitude Portugal,$dD.L. 2026
215 ## $a266 p.$d23 cm
700 #1 $aPärtel Araújo,$bJoão $31992385
701 #1 $aMartins,$bAmélia,$f1974-$4070$31488225
701 #1 $aHenriques,$bLiliana$4070$31889002
801 #0 $aPT$bBN$gRPC
966 ## $lBN$mFGMON$x1
966 ## $lBN$mFGMON$x1
971 ## $cssilva$d20260331

OpendataBNP@bnportugal.pt | Mais informação sobre acesso aos dados BNP